000 00773nam a22002537a 4500
999 _c33387
_d33387
001 2577
003 CO-MdFUSB
005 20171116094947.0
008 171116t1956 sp ||||| |||| 00| 0 spa d
040 _aCO-MdFUSB
_bspa
_cCO-MdFUSB
_dCO-MdFUSBC
_erda
041 0 _aspa
082 0 4 _aG 225.82 M5145t
100 1 _aMeinertz, Max
_eautor
245 0 _aTeología del Nuevo Testamento
_c/ Max Meinertz ; Costantino Ruiz, Traductor
250 _a2 ed. Revisada
264 4 _aMadrid, España :
_bFax,
_c©1956
300 _aXXX, 690 Pag
336 _2rdacontent
_atexto
_btxt
337 _2rdamedia
_asin mediación
_bn
338 _2rdacarrier
_avolumen
_bnc
500 _aTítulo Original : Theologie des Neuen Testament
653 _aTeología bíblica N.T.
942 _cBK